000 00820nas a2200265Ia 4500
001 dp5/13-32937
003 IT-MiCISF
008 161014c99999999xx |||||||||||| ||und||
040 _aIT-MiCISF
_cIT-MiCISF
041 _aITALIANO
100 _aRocchetta Carlo
210 _aClef
222 _aClef
245 0 _aMatrimonio e Eucaristia: un incontro fecondo per la spiritualità dei coniugi
250 _a1a ed.
260 _c2000
501 _bCISF - Centro Internazionale Studi Famiglia - Via Giotto, 36 20145 MILANO (non commercial uses only)
_cCopyright 2016
300 _app. 1-4
362 _a n. 2 [2000]
500 _a Tema: pastorale-familiare, spiritualità-coniugale
650 _aPASTORALE - pastorale familiare
_varticolo
700 _aAA.VV.
942 _cCR
957 _71
999 _a32937
_bSi
_g1
_c219320
_d219320